000 00384nam a2200169Ia 4500
008 230125s9999 xx 000 0 und d
041 _aeng
082 _a181.45
_bPAR
100 _aParate M S
_9114059
245 _aYogparis
260 _c2010
_bUsha M P
_aPune
500 _aYoga
650 _aGeneral
700 _aParate M S
_9114059
906 _b16
999 _c91341
_d91341